Στοιχεία δείκτη τιμών καταναλωτή
Αποθηκεύτηκε σε:
| Συγγραφή απο Οργανισμό/Αρχή: | |
|---|---|
| Μορφή: | Περιοδική έκδοση |
| Γλώσσα: | Greek English |
| Δημοσίευση: |
Αθήνα :
Εθνική Στατιστική Υπηρεσία της Ελλάδος,
2002.
|
| Σειρά: | Ζ. Μεθοδολογικές μελέτες (ΕΣΥΕ)
; 33 |
| Θέματα: | |
| Διαθέσιμο Online: | Διάθεση ΕΛΣΤΑΤ: |
| Ετικέτες: |
Προσθήκη ετικέτας
Δεν υπάρχουν, Καταχωρήστε ετικέτα πρώτοι!
|
MARC
| LEADER | 00000cas a2200000 i 4500 | ||
|---|---|---|---|
| 001 | 1/111173 | ||
| 008 | 041213s2002####gr ux rss 0 |gre|| | ||
| 040 | |a GR-MY-UA |b gre |e aacr | ||
| 041 | 1 | |a gre |a eng | |
| 082 | 7 | |a 338.5 |2 (22) | |
| 110 | 2 | |a Εθνική Στατιστική Υπηρεσία της Ελλάδος. | |
| 245 | 1 | 0 | |a Στοιχεία δείκτη τιμών καταναλωτή |h [περιοδικό] / |c Ελληνική Δημοκρατία, Εθνική Στατιστική Υπηρεσία της Ελλάδος. |
| 260 | |a Αθήνα : |b Εθνική Στατιστική Υπηρεσία της Ελλάδος, |c 2002. | ||
| 300 | |a τ. : |b πίν. ; |c 28 εκ. | ||
| 310 | |a Ακανόνιστο | ||
| 490 | 1 | |a (Ζ. Μεθοδολογικές μελέτες / ΕΣΥΕ ; |v 33) | |
| 500 | |a Ετήσια και μηνιαία στοιχεία γενικού δείκτη και επιμέρους υποδεικτών, μέχρι και το έτος 2001. Έτη αναφοράς: 1959-2001. | ||
| 650 | 0 | 0 | |a Consumer price indexes |z Greece |x Statistics |x Periodicals. |
| 830 | 0 | |a Ζ. |p Μεθοδολογικές μελέτες (ΕΣΥΕ) |v ; 33 | |
| 853 | |a INST |b LESVOS |c SER |h 338.5 | ||
| 856 | |z Διάθεση ΕΛΣΤΑΤ: |u http://dlib.statistics.gr/portal/page/portal/ESYE/complexsearch | ||
| 901 | |a BIBL2-2004-3 | ||
| 920 | |a ΕΘΝΙΚΗ ΣΤΑΤΙΣΤΙΚΗ ΥΠΗΡΕΣΙΑ ΕΛΛΑΔΟΣ (ΕΣΥΕ) |y Λέσβος |z 1993-03 | ||